Family courts in india : (Record no. 126459)

MARC details
000 -LEADER
fixed length control field 00766nam a22002297a 4500
005 - DATE AND TIME OF LATEST TRANSACTION
control field 20170124110010.0
010 ## - LIBRARY OF CONGRESS CONTROL NUMBER
LC control number A-899794
020 ## - INTERNATIONAL STANDARD BOOK NUMBER
Terms of availability 00.00
International Standard Book Number 8121003776
035 ## - SYSTEM CONTROL NUMBER
System control number A-899794
037 ## - SOURCE OF ACQUISITION
Source of stock number/acquisition Cen Lib/Ret
040 ## - CATALOGING SOURCE
Original cataloging agency DPL
Language of cataloging EN
082 ## - DEWEY DECIMAL CLASSIFICATION NUMBER
Classification number 346.0150269
Item number FAM
245 ## - TITLE STATEMENT
Title Family courts in india :
Statement of responsibility, etc edited by Ratna Verma
Remainder of title an appraisal of strength and limitation /
260 ## - PUBLICATION, DISTRIBUTION, ETC. (IMPRINT)
Name of publisher, distributor, etc Inter-India Publications
Place of publication, distribution, etc New Delhi
Date of publication, distribution, etc 1997
270 ## - ADDRESS
City New Delhi
Postal code 110015
Address D-17, raja garden
300 ## - PHYSICAL DESCRIPTION
Extent 136p.
Dimensions 21cm(Hb)
500 ## - GENERAL NOTE
General note Includes bibliographical references and index
650 ## - SUBJECT ADDED ENTRY--TOPICAL TERM
Topical term or geographic name as entry element Constitutional rights
9 (RLIN) 71926
650 ## - SUBJECT ADDED ENTRY--TOPICAL TERM
Topical term or geographic name as entry element Family courts
Geographic subdivision India
9 (RLIN) 17576
700 ## - ADDED ENTRY--PERSONAL NAME
Personal name Verma, Ratna
9 (RLIN) 17577
942 ## - ADDED ENTRY ELEMENTS (KOHA)
Source of classification or shelving scheme Dewey Decimal Classification
Koha item type English Books
Classification part 346.0150269
Call number suffix FAM
Holdings
Withdrawn status Lost status Damaged status Not for loan Home library Current library Date acquired Source of acquisition Cost, normal purchase price Total Checkouts Full call number Barcode Date last seen Copy number Cost, replacement price Price effective from Koha item type
        Central Library Central Library 25/06/2015 Cen Lib/Ret 0.00   346.0150269 VER A-899794 25/06/2015 1 0.00 25/06/2015 English Books

© Delhi Public Library
Hit Counter
free hit counter